| 000 | 01549cam a2200337 a 4500 | ||
|---|---|---|---|
| 001 | 16025817 | ||
| 005 | 20130129110149.0 | ||
| 008 | 091217s2010 mdu b 001 0 eng | ||
| 010 | _a 2009052694 | ||
| 020 | _a9789774164743 | ||
| 020 | _a9780801896699 (hardcover : alk. paper) | ||
| 020 | _a080189669X (hardcover) | ||
| 082 | 0 | 0 |
_a322.1 _222 _bHIB |
| 100 | 1 |
_aHibbard, Scott W., _d1962- _932046 |
|
| 245 | 1 | 0 |
_aReligious Politics and Secular States : _bEgypt, India and the United States / _cScott W. Hibbard. |
| 260 |
_aBaltimore, Md. : _bJohns Hopkins University Press, _c2010. |
||
| 300 |
_axvi, 306 p. ; _c24 cm. |
||
| 504 | _aIncludes bibliographical references and index. | ||
| 505 | 0 | _aReinterpreting modern religious politics -- The rise and decline of Egyptian secularism -- The rise and decline of Egyptian politics -- The rise and decline of Indian secularism -- Embedding communalism in Indian politics -- The rise and decline of American secularism -- Religious nationalism in the Reagan-Bush era. | |
| 650 | 0 |
_aReligion and politics _zEgypt. _932047 |
|
| 650 | 0 |
_aReligion and politics _zIndia. _932048 |
|
| 650 | 0 |
_aReligion and politics _zUnited States. _932049 |
|
| 650 | 0 |
_aConservatism _zEgypt. _932050 |
|
| 650 | 0 |
_aConservatism _zIndia. _932051 |
|
| 650 | 0 |
_aConservatism _zUnited States. _911161 |
|
| 651 | 0 |
_aEgypt _xPolitics and government. _932052 |
|
| 651 | 0 |
_aIndia _xPolitics and government. _932053 |
|
| 651 | 0 |
_aUnited States _xPolitics and government. _932054 |
|
| 653 |
_bPol _cJanuary2013 |
||
| 942 |
_2ddc _cBB |
||
| 999 |
_c17154 _d17126 |
||